00346nam a22001217a 450000500170000002000180001710000170003524500740005226000400012630000120016665000230017865000230020120260630162318.0 a9789349750661 aTao, Terence aStructure and randomness : pages from year one of a mathematical blog aTelanganabUniversities pressc2026 axii+298 aQuantum mechanics  aCompressed sensing